000 00701nab a22002297a 4500
001 11324
003 HDC
007 cr bn ---aaaaa
008 210128c20140731my ||||o |||| 00| 00eng d
040 _aHDC
245 0 _aPerak in the light - Part 3
336 _atext
_2rdacontent
337 _acomputer
_2rdamedia
338 _aonline resource
_2rdacarrier
650 _aCulture
_zMalaysia
_911377
650 _aTourism
_9880
710 _aiProperty.com Malaysia
856 _zRequest full-text at [email protected]
942 _2lcc
942 _cNEWS
942 _kNWSO 001560
999 _c8647
_d8647